00598nam a2200181Ia 4500003000900000008004100009020001800050040001600068080001500084100002500099245008500124260004300209300001600252650002400268942000700292999001700299952010000316IN-BaIIA211028s9999 xx 000 0 eng d a978-812241286 cIIA Library a539.2bPIL aPillai, S. O.923332 0aSolid state physicscS. O. Pillai  aNew DelhibNew Age Internationalc2008 axxii, 819p. aSolid state physics cBK c17196d17196 00104070aBANbGAUcGENd2009-02-14eGB l0o539.2/ PILp18118r2021-11-05w2009-02-14yBK